000 00559nam a2200145Ia 4500
008 220216s9999 xx 000 0 und d
100 _aPanda R
245 0 _aStudy of EPDM rubber and their blend on compression deflection of coextruded sponge tube in automobile door seals vulcanised in ultra high frequency microwave system
260 _bRUBCON 2002: Proceedings of the Indian Rubber Conference January 12-13. pp.137-144
650 _aAutomobile door seals
650 _aBlend
650 _aCompression deflection
650 _aEPDM rubber
942 _cJS
999 _c69770
_d69770